| 000 | 00393cam a22001217a 4500 | ||
|---|---|---|---|
| 008 | 180718b1987 xxu||||| |||| 00| 0 eng d | ||
| 082 | _aY15x5434 R731 | ||
| 100 | _aRosin, R. Thomas | ||
| 245 |
_aLand reform and agrarian change : study of a Marwar village from Raj to Swaraj _cby R. Thomas Rosin |
||
| 260 |
_aJaipur _bRawat _c1987 |
||
| 300 | _a252p. | ||
| 650 | _aLand tenure - India - Rajasthan | ||
| 999 |
_c352761 _d352761 |
||